000 00573nam a2200169Ia 4500
003 GCL
008 140319s9999 xx 000 0 ara d
040 _aGCL /
_cGCL
082 0 4 _aخ
_b25000
100 1 _aالهيئة المصرية العامة للمساحة
245 1 0 _aالمعادى لو : مقياس الرسم 1:25000 /
_cالهيئة المصرية العامة للمساحة
260 _a[S.N] :
_bالهيئة المصرية العامة للمساحة ،
_c1988
490 _a
650 0 4 _aالخرائط
650 0 4 _aالمعادى
942 _2ddc
_cBK
999 _c36330
_d36330